Normal view
MARC view
Entry Personal Name
001 - CONTROL NUMBER
- control field: 7569
003 - CONTROL NUMBER IDENTIFIER
- control field: OSt
005 - DATE AND TIME OF LATEST TRANSACTION
- control field: 20150826134621.0
008 - FIXED-LENGTH DATA ELEMENTS
- fixed length control field: 150826|| aca||aabn | a|a d
040 ## - CATALOGING SOURCE
- Original cataloging agency: OSt
- Transcribing agency: OSt
100 ## - HEADING--PERSONAL NAME
- Personal name: Manto, Saadat Hassan
670 ## - SOURCE DATA FOUND
- Source citation: Work cat.: (OSt)165: Manto, Saadat Hassan, Stars From Another Sky, 1998









